Introduction to computer theory / (Record no. 17938)
[ view plain ]
| 000 -LEADER | |
|---|---|
| fixed length control field | 00824 am a2200265ua 4500 |
| 001 - CONTROL NUMBER | |
| control field | 008063703 |
| 005 - DATE AND TIME OF LATEST TRANSACTION | |
| control field | 20201128021012.0 |
| 008 - FIXED-LENGTH DATA ELEMENTS--GENERAL INFORMATION | |
| fixed length control field | 970428t1997 xxua frb 001 0 eng d |
| 020 ## - INTERNATIONAL STANDARD BOOK NUMBER | |
| International Standard Book Number | 0471137723 |
| 020 ## - INTERNATIONAL STANDARD BOOK NUMBER | |
| International Standard Book Number | 9780471137726 |
| 040 ## - CATALOGING SOURCE | |
| Original cataloging agency | StDuBDS |
| Modifying agency | Uk |
| 082 04 - DEWEY DECIMAL CLASSIFICATION NUMBER | |
| Classification number | 004 |
| Edition number | 22 |
| Item number | COH |
| 100 1# - MAIN ENTRY--PERSONAL NAME | |
| Personal name | Cohen, Daniel I. A., |
| Dates associated with a name | 1946- |
| 9 (RLIN) | 34885 |
| 245 10 - TITLE STATEMENT | |
| Title | Introduction to computer theory / |
| Statement of responsibility, etc | Daniel I. A. Cohen. |
| 250 ## - EDITION STATEMENT | |
| Edition statement | 2nd ed. |
| 260 ## - PUBLICATION, DISTRIBUTION, ETC. (IMPRINT) | |
| Place of publication, distribution, etc | Hoboken, United States : |
| Name of publisher, distributor, etc | John Wiley & Sons, Inc., |
| Date of publication, distribution, etc | c.1997 |
| Manufacturer | (Acid-Free Paper) |
| 300 ## - PHYSICAL DESCRIPTION | |
| Extent | xiv, 634 p. : |
| Other physical details | ill. ; |
| Dimensions | 26 cm. |
| 500 ## - GENERAL NOTE | |
| General note | Includes indexes. |
| 500 ## - GENERAL NOTE | |
| General note | Bibliography : p. 619-620. |
| 650 #0 - SUBJECT ADDED ENTRY--TOPICAL TERM | |
| Topical term or geographic name as entry element | Electronic digital computers |
| 9 (RLIN) | 1223 |
| 653 ## - INDEX TERM--UNCONTROLLED | |
| Resource For college | |
| Arrived date list | January2014 |
| 655 ## - INDEX TERM--GENRE/FORM | |
| Form subdivision | |
| -- | 34232 |
| 650 #0 - SUBJECT ADDED ENTRY--TOPICAL TERM | |
| 9 (RLIN) | 3608 |
| Topical term or geographic name as entry element | Computer science |
| 942 ## - ADDED ENTRY ELEMENTS (KOHA) | |
| Source of classification or shelving scheme | Dewey Decimal Classification |
| Call number prefix | 004 COH |
| Withdrawn status | Item status | Source of classification or shelving scheme | Damaged status | Not for loan | Vendor | Home library | Current library | Shelving location | Date acquired | Source of acquisition | Total Checkouts | Full call number | Barcode | Date last seen | Koha item type |
|---|---|---|---|---|---|---|---|---|---|---|---|---|---|---|---|
| Dewey Decimal Classification | Baccah | Central Library | Central Library | Lower Floor | 21/01/2014 | 004 COH | 000035367 | 15/07/2025 | Book - Borrowing |